Online katalóg knižníc regiónu Turca

Milý frajer (Record no. 22255)

MARC details
000 -LEADER
fixed length control field 01415cam a2200385 a 4500
001 - CONTROL NUMBER
control field 22255
003 - CONTROL NUMBER IDENTIFIER
control field VRT
005 - DATE AND TIME OF LATEST TRANSACTION
control field 20260324094247.0
008 - FIXED-LENGTH DATA ELEMENTS--GENERAL INFORMATION
fixed length control field 240226s2001 xo ra 000 f slo
015 ## - NATIONAL BIBLIOGRAPHY NUMBER
National bibliography number SNBA2002/06-02010
020 ## - INTERNATIONAL STANDARD BOOK NUMBER
International Standard Book Number 8055100667
035 ## - SYSTEM CONTROL NUMBER
System control number SNK000381601
035 ## - SYSTEM CONTROL NUMBER
System control number urn:nbn:sk:snk-amk4vb
035 ## - SYSTEM CONTROL NUMBER
System control number urn:nbn:sk:snk-am004vpy
035 ## - SYSTEM CONTROL NUMBER
System control number AA6CD55E-CF17-4B57-90F6-1C52814D6869
039 #9 - LEVEL OF BIBLIOGRAPHIC CONTROL AND CODING DETAIL [OBSOLETE]
Level of rules in bibliographic description 202405020942
Level of effort used to assign nonsubject heading access points AUTHORITY
Level of effort used to assign subject headings 202402261557
Level of effort used to assign classification VLOAD
Level of effort used to assign subject headings 202201061632
Level of effort used to assign classification csnk01
Level of effort used to assign subject headings 202201061623
Level of effort used to assign classification AUTHORITY
040 ## - CATALOGING SOURCE
Original cataloging agency SNK
Language of cataloging slo
Transcribing agency SNK
Description conventions AACR2
041 1# - LANGUAGE CODE
Language code of text/sound track or separate title slo
Language code of original eng
044 ## - COUNTRY OF PUBLISHING/PRODUCING ENTITY CODE
MARC country code xo
ISO country code SK
080 ## - UNIVERSAL DECIMAL CLASSIFICATION NUMBER
Universal Decimal Classification number 820 (73)-3
Edition identifier 1981
100 1# - MAIN ENTRY--PERSONAL NAME
Personal name Goldsmith, Olivia,
Dates associated with a name 1949-2004
Relationship aut
240 10 - UNIFORM TITLE
Uniform title Bad boy
Language of a work Slovensky
245 10 - TITLE STATEMENT
Title Milý frajer
Statement of responsibility, etc. Olivia Goldsmithová ; [z anglického originálu Bad boy ... preložila Dagmar Zvončeková]
260 ## - PUBLICATION, DISTRIBUTION, ETC.
Place of publication, distribution, etc. Bratislava
Name of publisher, distributor, etc. Ikar
Date of publication, distribution, etc. 2001
300 ## - PHYSICAL DESCRIPTION
Extent 232 s.
Dimensions 24 cm
655 #7 - INDEX TERM--GENRE/FORM
Genre/form data or focus term americké romány
Source of term SNKPH
700 1# - ADDED ENTRY--PERSONAL NAME
Personal name Zvončeková, Dáša,
Dates associated with a name 1953-2024
Relationship trl
942 ## - ADDED ENTRY ELEMENTS (KOHA)
Source of classification or shelving scheme Dewey Decimal Classification
Koha item type Krásna literatúra pre dospelých
Suppress in OPAC No
949 ## - LOCAL PROCESSING INFORMATION (OCLC)
6 270001000140301
a svkbbB 34103
p 642.925
949 ## - LOCAL PROCESSING INFORMATION (OCLC)
6 273K0117624
a svkpoB 70504
b svkpo452619
949 ## - LOCAL PROCESSING INFORMATION (OCLC)
6 17A0328033
9 P60, <03>, [BOOK], {603}
a snkSC 106956
b snkKSP 316/2002
s 6100:20140925
949 ## - LOCAL PROCESSING INFORMATION (OCLC)
6 17A0352057
9 P60, <05>, [BOOK], {605}
a snkSC 106956 D1
b snkKSP 9218/2002
949 ## - LOCAL PROCESSING INFORMATION (OCLC)
6 2889750366
a savukPV 4433
Holdings
Stav vyradenia Strata Poškodenie Spôsob nadobudnutia Domovská knižnica Aktuálna knižnica Dátum nadobudnutia Total checkouts Čiarový kód exemplára Date last seen Typ exemplára
      Dar Obecná knižnica Turčianska Štiavnička Obecná knižnica Turčianska Štiavnička 24.03.2026   4738000703 24.03.2026 Krásna literatúra pre dospelých
Projekt je podporený Slovenskou asociáciou knižníc
Prevádzkuje Turčianska knižnica Martin 2026